Tajemnicza trasa stolic świata - Statystyki

Ogólne statystyki
  • Ten quiz został rozwiązany 3 115 razy
  • Średni wynik to 10 z 35
Odpowiedzi na mapie
Odpowiedzi zakodowano w zielono-czerwonej skali na mapie do tego quizu, zgodnie z poniższymi procentami.
 
Statystyki odpowiedzi
# Stolica % Poprawnych
Start Moskwa
100%
1 Ankara
74%
2 Teheran
61%
3 Kabul
49%
4 Kuwejt
43%
6 Ateny
42%
5 Kair
42%
7 Madryt
41%
8 Londyn
40%
9 Oslo
40%
10 Reykjavík
40%
11 Tegucigalpa
30%
12 Georgetown
27%
13 Quito
27%
14 Luanda
25%
15 Dżuba
22%
16 Victoria
18%
Koniec Kapsztad
17%
17 Abu Zabi
16%
18 Nowe Delhi
16%
19 Bangkok
15%
20 Manila
15%
22 Pekin
15%
21 Ułan Bator
15%
23 Tajpej
14%
24 Tokio
14%
28 Male
13%
25 Port Moresby
13%
27 Singapur
13%
26 Wellington
13%
29 Antananarywa
12%
31 Asunción
10%
30 Dodoma
10%
33 Santiago
10%
32 Sucre
10%
Nie znaleziono quizów pasujących do podanych kryteriów
Rozkład punktacji
Procent ludzi z każdym wynikiem
Percentyl według liczby udzielonych odpowiedzi
Twoja historia wyników
Nie rozwiązałeś tego quizu